Németh László szobra [fénykép] /
Elmentve itt :
| Szerző: | |
|---|---|
| Dokumentumtípus: | Cikk |
| Megjelent: |
2006
|
| Sorozat: | Tiszatáj
60 No. 8 |
| Kulcsszavak: | Szobrászat - magyar |
| Online Access: | http://tiszataj.bibl.u-szeged.hu/19477 |
| LEADER | 00598nab a2200181 i 4500 | ||
|---|---|---|---|
| 001 | tisza19477 | ||
| 005 | 20200331092005.0 | ||
| 008 | 170421s2006 hu o 0|| hun d | ||
| 022 | |a 0133-1167 | ||
| 040 | |a SZTE Tiszatáj Archívum |b hun | ||
| 041 | |a hun | ||
| 100 | 1 | |a Csíkszentmihályi Róbert | |
| 245 | 1 | 0 | |a Németh László szobra |h [elektronikus dokumentum] : |b [fénykép] / |c Csíkszentmihályi Róbert |
| 260 | |c 2006 | ||
| 300 | |a 95 | ||
| 490 | 0 | |a Tiszatáj |v 60 No. 8 | |
| 695 | |a Szobrászat - magyar | ||
| 856 | 4 | 0 | |u http://tiszataj.bibl.u-szeged.hu/19477/1/tiszataj_2006_008_095.pdf |z Dokumentum-elérés |